Normal view
MARC view
- Lt. Col. Dr. Naveed Rao
Entry Personal Name
001 - CONTROL NUMBER
- control field: 35119
003 - CONTROL NUMBER IDENTIFIER
- control field: NUST
005 - DATE AND TIME OF LATEST TRANSACTION
- control field: 20201111110808.0
008 - FIXED-LENGTH DATA ELEMENTS
- fixed length control field: 201111|| aca||aabn | a|a d
040 ## - CATALOGING SOURCE
- Original cataloging agency: NUST
- Transcribing agency: NUST
100 ## - HEADING--PERSONAL NAME
- Personal name: Lt. Col. Dr. Naveed Rao
670 ## - SOURCE DATA FOUND
- Source citation: Work cat.: (NUST): Naveed, Sidra 35117, Multi Robot User Interface Design Based on HCI Princples /, 2014
